Responses for Show #5817 - Tuesday, December 22, 2009

Ryan Chaffee game 3.

Contestants

[<< previous game]

Dan Troha, a business system analyst from Cleveland, Ohio

Allison Brown, a law student originally from Louisville, Kentucky

Ryan Chaffee, a tutor from Los Angeles, California (whose 2-day cash winnings total $33,200)

[next game >>]

Jeopardy! Round responses

CURSES
I'LL BE DOGGONE
DAD, GUM IT
DOUGH!
FOR PETE'S SAKE
"CON"SARNIT
    $200 11
Sports Illustrated

Ryan
    $200 25
(Alex: With less than a minute to go.)

a collie

Dan
    $200 16
smoking

Dan
    $200 1
the penny

Allison
    $200 18
Peter the Great

Ryan
    $200 6
concede

Allison
    $400 12
Michael Vick

Dan
    $400 27
wolfhound

Triple Stumper
    $400 17
(Judy) Garland

Ryan
    $400 2
the signing of the Declaration of Independence

Ryan
    $400 19
Puget

Allison
    $400 7
conceive

Ryan
    $600 13
the Boston Red Sox

Allison
    $600 28
Saint Bernard

Ryan
    $600 23
Wrigley

Ryan
    $600 3
the Bicentennial

Allison
    $600 20
Faneuil

Allison
    $600 8
concentration

Allison
    $800 14
the Cubs

Dan
    $800 29
the Westminster Kennel Club Dog Show

Allison
    $800 24
Gumbo

Triple Stumper
    $800 4
$100

Ryan
    $800 21
Minuit

Ryan
    $800 9
a conch (shell)

Ryan
    $1000 15
the (Chicago) Bulls

Dan
    $1000 30
Akita

Ryan
    $1000 26
(Ryan: Who is Veronica Bloom?)

Violet Beauregarde

Ryan
Triple Stumper
    $1000 5
the Liberty Head

Ryan
    $500 22
(Peter Paul) Rubens

Ryan
    $1000 10
(Dan: What is coincide?)

concurrent (concurrently accepted)

RyanDan

Scores at the first commercial break (after clue 15):

Ryan Allison Dan
$4,600 $2,200 $1,200

Scores at the end of the Jeopardy! Round:

Ryan Allison Dan
$7,700 $4,000 $1,600

Double Jeopardy! Round responses

"U" COUNTRIES
GREAT DAMES
WRITERS' MIDDLE NAMES
INDULGE YOURSELF
MUSIC & MUSICIANS
SET THE COMPOUND FRACTURE
(Alex: We have taken compound words and broken them in two. And you have to solve the mystery.)
    $400 1
the Ukraine

Ryan
    $400 15
(Elizabeth) Taylor

Ryan
    $400 10
(Edna St. Vincent) Millay

Ryan
    $400 22
(Alex: ...with a minute to go.)

a trifle

Allison
    $400 6
woodwinds

Dan
    $400 18
a courtship

Allison
    $800 2
Uganda

Dan
    $800 16
(Dan: Who is Judi Dench?)

Julie Andrews

Dan
Triple Stumper
    $800 11
Hans Christian Andersen

Ryan
    $800 7
(Ryan: What is Vienna?)
...
(Alex: Before Vienna, it was [*].)

Salzburg

Ryan
Triple Stumper
    $800 19
a blockbuster

Allison
    $1200 3
Uruguay

Ryan
    $1200 17
(Helen) Mirren

Ryan
    $1200 12
(William Butler) Yeats

Ryan
    $1200 8
Faust

Ryan
    $1200 20
a loophole

Triple Stumper
    $1600 4
(Allison: What is Uzbekistan?)

the United Kingdom

Allison
Triple Stumper
    $1600 28
[The end-of-round signal sounds.]

(Judi) Dench

Ryan
    $1600 13
Singer

Ryan
    $1600 24
tiramisu

Dan
    $300 9
Stravinsky

Ryan
    $1600 21
matchbox

Ryan
    $300 5
(Alex: And you've been very cautious in wagering, not only in Final, but in the Daily Doubles also.)
(Ryan: I'm scared.)
(Alex: Oh.)

Uzbekistan

Ryan
    $2000 27
Dame Edna

Triple Stumper
    $2000 14
(Ryan: Who is Rollings? ...Roll--)
(Alex: Say it again.)
(Ryan: Who is Rollins? ...Rawlins?)
...
(Alex: You said "Rollins", and it's [*].)

Marjorie Kinnan Rawlings

Ryan
Triple Stumper
    $2000 25
dulce de leche

Allison
    $2000 26
(Allison: Who is Liszt?)

(Franz) Schubert

AllisonDan
    $2000 23
horseplay

Triple Stumper

Scores at the end of the Double Jeopardy! Round:

Ryan Allison Dan
$17,100 $4,000 $5,600
(lock game)

[wagering suggestions for these scores]

Final Jeopardy! Round responses

FLAGS
AllisonWhat is "Don't tread on me"?
$2,000
DanWhat is sic semper
$2,401
RyanWhat is hot pastrami sandwiches?
$0
Dont tread on me

Final scores:

Ryan Allison Dan
$17,100 $6,000 $3,199
3-day champion: $50,300 2nd place: $2,000 3rd place: $1,000

Game dynamics:

Coryat scores:

Ryan Allison Dan
$20,600 $4,000 $5,600
27 R
(including 3 DDs),
3 W
12 R,
2 W
9 R,
2 W

Combined Coryat: $30,200

[game clues] [game scores] [suggest correction]

Game tape date: 2009-11-04
The J! Archive is created by fans, for fans. Scraping, republication, monetization, and malicious use prohibited; this site may use cookies and collect identifying information. See terms. The Jeopardy! game show and all elements thereof, including but not limited to copyright and trademark thereto, are the property of Jeopardy Productions, Inc. and are protected under law. This website is not affiliated with, sponsored by, or operated by Jeopardy Productions, Inc. Join the discussion at JBoard.tv.